Kerala account code / (Record no. 2909)
[ view plain ]
| 000 -LEADER | |
|---|---|
| fixed length control field | 00378cam a2200157ua 4500 |
| 003 - CONTROL NUMBER IDENTIFIER | |
| control field | OSt |
| 008 - FIXED-LENGTH DATA ELEMENTS--GENERAL INFORMATION | |
| fixed length control field | 231202b |||||||| |||| 00| 0 eng d |
| 041 ## - LANGUAGE CODE | |
| Language code of text/sound track or separate title | eng |
| 082 ## - DEWEY DECIMAL CLASSIFICATION NUMBER | |
| Classification number | 028.70335 |
| Item number | FIN/KE |
| 245 ## - TITLE STATEMENT | |
| Title | Kerala account code / |
| 250 ## - EDITION STATEMENT | |
| Edition statement | 2 / |
| 260 ## - PUBLICATION, DISTRIBUTION, ETC. (IMPRINT) | |
| Place of publication | : |
| Name of publisher | Finance department Government of Kerala , |
| Year of publication | 1962. |
| 300 ## - PHYSICAL DESCRIPTION | |
| Number of Pages | 108 ; . |
| 500 ## - GENERAL NOTE | |
| General note | **Reference |
| 942 ## - ADDED ENTRY ELEMENTS (KOHA) | |
| Koha item type | Books |
| Withdrawn status | Lost status | Damaged status | Home library | Current library | Date acquired | Full call number | Accession Number | Koha item type |
|---|---|---|---|---|---|---|---|---|
| KAUAET | KAUAET | 07/04/2012 | 028.70335 | 13581 | Books | |||
| Withdrawn | KAUAET | KAUAET | 07/04/2012 | 028.70335 | 13589 | Reference | ||
| Withdrawn | KAUAET | Malayalam University | 07/04/2012 | 028.70335 | 222 | Books |
